=LDR 00000nam 2200000 4500 =001 INLIS000000000049559 =005 20170301082957.0 =006 =007 =008 =020 ##$$a 978-602-255-468-4 =035 ##$$0010-031700000000004 =040 ##$$a NBPDMAT =082 ##$$a 371.002 6 =090 ##$$a 371.002 6 $bInd h =100 ##$$a Indonesia =245 ##$$a Himpunan lengkap Undang-undang Sistem Pendidikan Nasional $c/ Indonesia =250 ##$$a Cet. 1 =260 ##$$a Yogyakarta $b Saufa $c 2014 =300 ##$$a 328 hlm. ; 18 cm =650 ##$$a Sistem Pendidikan-Undang-undang dan Peraturan =850 ##$$a NBPDMAT =990 ##$$a 21606187 =990 ##$$a 21606188